舞.舞.舞

資料類型: Book 圖書   書目號:6136

Leader xxxxxxxxxx
001 __ PCLIS00006136
005 __ 20230321162149.0
010 0_ |a957-13-2198-2|b上冊 : 平裝|dNT$230
010 0_ |a957-13-2199-0|b下冊 : 平裝|dNT$230
010 0_ |a978-957-13-2199-8|b下冊 : 平裝|dNT$230
100 __ |a19870509d1996    m  y0chiy09      e
101 1_ |achi|cjpn
102 __ |atw
105 __ |ay   z   000ay
200 1_ |a舞.舞.舞|e|f村上春樹著|g賴明珠譯
205 __ |a初版
210 __ |a臺北市|c時報文化|d1996[民85]
215 0_ |a2冊(269, 266)面|c|d21公分
225 1_ |a藍小說|v910-911
225 2_ |a村上春樹作品集
300 __ |a本館最新館藏為2016年二十四刷
300 __ |a作者號由adm及t038取自出版社(2006666-2006667,2018686-2018687),由t561改回
410 _0 |12001 |a村上春樹作品集
454 _1 |12001 |aФ⑦З.Ф⑦З.Ф⑦З|zjpn
606 __ |2cst|a長篇小說
681 __ |a861.57|b8354
681 __ |a861.57|b8476 88 V.910 C2
681 __ |a861.57|b8476 88 V.910 C1
681 __ |a861.57|b8476 88 V.910
681 __ |a861.57|b8476 88 V.911
700 _1 |a村上|b春樹|f1949-  |4702 _1 |a|b明珠|f1947-  |4801 _0 |atw|b內湖高中|c20010622
801 _0 |atw|b內湖高中|c20160421|gCCR
801 _2 |atw|b內湖高中|c20230321|gCCR
詳細館藏 1-3 筆 (共 3 筆)
索 書 號登 錄 號冊次號館別 / 館藏地流通類型狀態加入預約清單電子資源
861.57 / 8354 1023678 v.2 圖書館 / 一樓普通區 可外借30天 在館   
861.57 / 8354 2018686 v.1 圖書館 / 一樓普通區 可外借30天 在館   
861.57 / 8354 2018687 v.2 圖書館 / 一樓普通區 可外借30天 在館   

| 條列資料




目錄查詢 分類查詢 個人資料 圖書薦購 新書查詢 閉館日 排行榜 更多電子資源 Hami書城 線上資料庫 登出

From : 216.73.216.116

  本日流通累計至 12:40:00 借閱 : 6 次 續借 : 0 次 歸還 : 9 次 預約 : 0 次 電子資源 : 0 次


內湖高中圖書館  PCLIS 版本  25.5.0.2